South Eastern Kenya University

Library Online Public Access Catalogue


Poems of Byron, Keats and Shelley / (Record no. 8993)

MARC details
000 -LEADER
fixed length control field 00483nam a22001697a 4500
003 - CONTROL NUMBER IDENTIFIER
control field OSt
005 - DATE AND TIME OF LATEST TRANSACTION
control field 20150917100736.0
008 - FIXED-LENGTH DATA ELEMENTS--GENERAL INFORMATION
fixed length control field 150917b xxu||||| |||| 00| 0 eng d
040 ## - CATALOGING SOURCE
Original cataloging agency SEKU
050 ## - LIBRARY OF CONGRESS CALL NUMBER
Classification number PR 1221
Item number .C6
100 ## - MAIN ENTRY--PERSONAL NAME
Personal name Coleman, Elliott
245 ## - TITLE STATEMENT
Title Poems of Byron, Keats and Shelley /
Statement of responsibility, etc. selected and edited by Elliott Coleman
260 ## - PUBLICATION, DISTRIBUTION, ETC. (IMPRINT)
Place of publication, distribution, etc. Garden City :
Name of publisher, distributor, etc. Programmed classics,
Date of publication, distribution, etc. c1967.
300 ## - PHYSICAL DESCRIPTION
Extent 699 p.
650 ## - SUBJECT ADDED ENTRY--TOPICAL TERM
Topical term or geographic name as entry element English poetry
Chronological subdivision 19th Century.
942 ## - ADDED ENTRY ELEMENTS (KOHA)
Source of classification or shelving scheme Library of Congress Classification
Koha item type General circulation
Holdings
Withdrawn status Lost status Source of classification or shelving scheme Damaged status Not for loan Home library Current library Shelving location Date acquired Source of acquisition Total Checkouts Full call number Barcode Date last seen Price effective from Koha item type Public note
    Library of Congress Classification     Main Campus Library Main Campus Library General Stacks 17/09/2015 Donation-Books for Africa   PR 1221 .C6 2015/003147 17/09/2015 17/09/2015 General circulation JCL
Kitui, Kenya.
+254736116989
library@seku.ac.ke